[Event "Lovsprings op 09th C"]
[Site "Ringsted"]
[Date "1997.04.04"]
[Round "3"]
[White "Olsen, Michael"]
[Black "Schmidt, Torben"]
[Result "1-0"]
[WhiteElo "1685"]
[BlackElo "1644"]
[PlyCount "93"]
[EventDate "1997.03.14"]
[EventType "swiss"]
[EventRounds "7"]
[EventCountry "DEN"]
[SourceTitle "EXT 2023"]
[Source "ChessBase"]
[SourceDate "2022.10.05"]
[SourceVersion "1"]
[SourceVersionDate "2022.10.05"]
[SourceQuality "1"]

1. e4 e5 2. Nf3 Nc6 3. Bb5 a6 4. Ba4 Nf6 5. 0-0 b5 6. Bb3 Be7 7. Re1 d6 8. c3 Bg4 9. h3 Bh5 10. d3 Na5 11. Bc2 c5 12. a4 0-0 13. Nbd2 Qc7 14. b3 Nc6 15. g4 Bg6 16. Nf1 b4 17. c4 Qd7 18. Ne3 a5 19. Kg2 Rad8 20. Rg1 Nd4 21. Nxd4 cxd4 22. Nf5 Bxf5 23. gxf5 g6 24. Kh2 Kh8 25. Bh6 Rg8 26. fxg6 fxg6 27. Qf3 Nh5 28. Bd1 Qe6 29. Qg2 Nf6 30. Bd2 Bf8 31. Bg5 Bg7 32. Bg4 Qf7 33. Raf1 Rdf8 34. f4 Nxg4+ 35. hxg4 h6 36. Qh3 Kh7 37. Bxh6 Bxh6 38. g5 Qg7 39. Rg4 Rh8 40. gxh6 Qe7 41. f5 gxf5 42. exf5 Rhg8 43. Rg7+ Rxg7 44. hxg7+ Kxg7 45. Rg1+ Kf7 46. Qh5+ Kf6 47. Qg6# 1-0